Duccio and the origins of western painting / (Record no. 24292)

000 -LEADER
fixed length control field 01655cam a2200337 a 4500
001 - CONTROL NUMBER
control field 15380718
003 - CONTROL NUMBER IDENTIFIER
control field OSt
005 - DATE AND TIME OF LATEST TRANSACTION
control field 20170128104210.0
008 - FIXED-LENGTH DATA ELEMENTS--GENERAL INFORMATION
fixed length control field 080724s2008 nyua b 000 0 eng
010 ## - LIBRARY OF CONGRESS CONTROL NUMBER
LC control number 2008033017
015 ## - NATIONAL BIBLIOGRAPHY NUMBER
National bibliography number GBA906064
Source bnb
016 7# - NATIONAL BIBLIOGRAPHIC AGENCY CONTROL NUMBER
Record control number 014883437
Source Uk
020 ## - INTERNATIONAL STANDARD BOOK NUMBER
International Standard Book Number 9781588392893 (Metropolitan Museum of Art (pbk.))
020 ## - INTERNATIONAL STANDARD BOOK NUMBER
International Standard Book Number 1588392899 (Metropolitan Museum of Art (pbk.))
020 ## - INTERNATIONAL STANDARD BOOK NUMBER
International Standard Book Number 9780300145441 (Yale University Press (pbk.))
020 ## - INTERNATIONAL STANDARD BOOK NUMBER
International Standard Book Number 0300145446 (Yale University Press (pbk.))
035 ## - SYSTEM CONTROL NUMBER
System control number (OCoLC)ocn237788723
040 ## - CATALOGING SOURCE
Original cataloging agency DLC
Transcribing agency DLC
Modifying agency C#P
-- BWX
-- YDXCP
-- UKM
-- DLC
050 00 - LIBRARY OF CONGRESS CALL NUMBER
Classification number ND623.D8
Item number C48 2008
082 00 - DEWEY DECIMAL CLASSIFICATION NUMBER
Classification number 759.5
Edition number 22
100 1# - MAIN ENTRY--PERSONAL NAME
Personal name Christiansen, Keith.
245 10 - TITLE STATEMENT
Title Duccio and the origins of western painting /
Statement of responsibility, etc. Keith Christiansen.
260 ## - PUBLICATION, DISTRIBUTION, ETC. (IMPRINT)
Place of publication, distribution, etc. New York :
Name of publisher, distributor, etc. Metropolitan Museum of Art ;
Place of publication, distribution, etc. New Haven :
Name of publisher, distributor, etc. Yale University Press,
Date of publication, distribution, etc. c2008.
300 ## - PHYSICAL DESCRIPTION
Extent 61 p. :
Other physical details ill. (chiefly col.) ;
Dimensions 28 cm.
500 ## - GENERAL NOTE
General note "Reprint of The Metropolitan Museum of Art bulletin (Summer, 2008)"--T.p. verso.
504 ## - BIBLIOGRAPHY, ETC. NOTE
Bibliography, etc Includes bibliographical references (p. 60).
600 00 - SUBJECT ADDED ENTRY--PERSONAL NAME
Personal name Duccio,
Titles and other words associated with a name di Buoninsegna,
Dates associated with a name -1319?
General subdivision Criticism and interpretation.
730 0# - ADDED ENTRY--UNIFORM TITLE
Uniform title Bulletin of the Metropolitan Museum of Art.
Number of part/section of a work Summer 2008.
906 ## - LOCAL DATA ELEMENT F, LDF (RLIN)
a 7
b cbc
c orignew
d 1
e ecip
f 20
g y-gencatlg
942 ## - ADDED ENTRY ELEMENTS (KOHA)
Source of classification or shelving scheme
Koha item type Hard Covered Materials
Classification part ND 623 .D8C48 2008
Holdings
Withdrawn status Lost status Source of classification or shelving scheme Damaged status Not for loan Home library Current library Shelving location Date acquired Source of acquisition Total Checkouts Full call number Barcode Date last seen Price effective from Koha item type
          MACHAKOS UNIVERSITY LIBRARY MACHAKOS UNIVERSITY LIBRARY Technical section 28/01/2017 Donation (BFA)   ND 623 .D8C48 2008 32443 31/05/2018 28/01/2017 Hard Covered Materials
© Machakos University Library, Along The Highway, Machakos Wote Rd, Machakos, Kenya P.O. Box 136 - 90100 Machakos - Kenya

Tel: ( +254 ) 723 805829 OR Fax : 044-20353 OR Email: library@mksu.ac.ke